000 00218 a2200097 4500
001 25396
100 _aPlumpto
245 _aTheoretical Mechanics for Sixth Forms
260 _a
_bPergamon
_c1968
090 _c17142
_d17142
942 _aNUST-CAE
_cM
_c7939
999 _c260469
_d260469